00533nam a2200169Ia 4500008004100000020001800041041000800059082001700067100002000084245002200104250000600126260004500132300001800177650001800195999001900213952013100232210716s2013 xx 000 0 und d a9780198070047 aeng a005.133 THAR aThareja, Reema. aProgramming in c. a1 aNew DelhibOxford University Pressc2013 axiii,550/2014 aC Programming c194624d194624 001040708MCAaAIMITbAIMITeKnowledge Worldg445.00l0o005.133 THARpMCA14132r2025-07-21 00:00:00v333.75w2021-07-16yBK